A Classical Approach to Artificial Intelligence (Record no. 5404)

MARC details
000 -LEADER
fixed length control field 00560nam a2200181Ia 4500
003 - CONTROL NUMBER IDENTIFIER
control field SGT
020 ## - INTERNATIONAL STANDARD BOOK NUMBER
International Standard Book Number 9788190698894
082 ## - DEWEY DECIMAL CLASSIFICATION NUMBER
Classification number 6.3
Item number TRI
100 ## - MAIN ENTRY--PERSONAL NAME
Personal name Trivedi,M.C
245 #2 - TITLE STATEMENT
Title A Classical Approach to Artificial Intelligence
260 ## - PUBLICATION, DISTRIBUTION, ETC. (IMPRINT)
Name of publisher, distributor, etc Khanna Books Publishing Co. Ltd.
Place of publication, distribution, etc N. Delhi
Year of Publication 2009
300 ## - PAGE DESCRIPTION
No. of Pages 521p.
650 ## - SUBJECT ADDED ENTRY--TOPICAL TERM
Topical term or geographic name as entry element COMPUTER SCIENCE
653 ## - KEYWORDS--INDEX TERM
Keyword term OVERVIEW OF ARTIFICIAL INTELLIGENCE, PROBLEM SOLVING AND SEARCH, SEARCH METHODS, KNOWLEDGE REPRESENTATION, EXPERT SYSTEM
700 ## - ADDED ENTRY--PERSONAL NAME
Personal name Jain,N.N
700 ## - ADDED ENTRY--PERSONAL NAME
Personal name Sarangdevot,S.S
942 ## - ADDED ENTRY ELEMENTS (KOHA)
Source of classification or shelving scheme Dewey Decimal Classification
Koha item type Books
942 ## - ADDED ENTRY ELEMENTS (KOHA)
-- 30
Holdings
Withdrawn status Lost status Source of classification or shelving scheme Damaged status Not for loan Home library Current library Date acquired SGTU Full call number Accession No. (Barcode) Date last seen Bill Date Koha item type Total Checkouts Date last borrowed Total Renewals
  Lost and Paid For Dewey Decimal Classification     SGT Engineering Library SGT Engineering Library 22/05/2013 SGTU 6.3 TRI FE4456 09/02/2015 09/02/2015 Books      
    Dewey Decimal Classification     SGT Engineering Library SGT Engineering Library 22/05/2013 SGTU 6.3 TRI FE4457 18/06/2025 09/02/2015 Books 1 18/06/2025  
    Dewey Decimal Classification     SGT Engineering Library SGT Engineering Library 22/05/2013 SGTU 6.3 TRI FE4458 19/02/2026 09/02/2015 Books 10 16/02/2026  
Withdrawn   Dewey Decimal Classification     SGT Engineering Library SGT Engineering Library 22/05/2013 SGTU 6.3 TRI FE4459 09/02/2015 09/02/2015 Books      
    Dewey Decimal Classification     SGT Engineering Library SGT Engineering Library 22/05/2013 SGTU 6.3 TRI FE4460 22/07/2025 09/02/2015 Books 3 22/07/2025  
    Dewey Decimal Classification     SGT Engineering Library SGT Engineering Library 22/05/2013 SGTU 6.3 TRI FE4461 05/02/2024 09/02/2015 Books 3 08/01/2024  
    Dewey Decimal Classification     SGT Engineering Library SGT Engineering Library 22/05/2013 SGTU 6.3 TRI FE4462 18/01/2025 09/02/2015 Books 10 30/12/2024  
    Dewey Decimal Classification     SGT Engineering Library SGT Engineering Library 22/05/2013 SGTU 6.3 TRI FE4463 16/12/2023 09/02/2015 Books 6 04/12/2023  
    Dewey Decimal Classification     SGT Engineering Library SGT Engineering Library 22/05/2013 SGTU 6.3 TRI FE4464 22/07/2025 09/02/2015 Books 8 22/07/2025  
    Dewey Decimal Classification     SGT Engineering Library SGT Engineering Library 22/05/2013 SGTU 6.3 TRI FE4465 05/03/2026 09/02/2015 Books 4 16/02/2026 1